| 000 | 01348nam a2200373Ia 4500 | ||
|---|---|---|---|
| 005 | 20220317001731.0 | ||
| 007 | ta | ||
| 008 | 210823r20162021ck a br 000 fds d | ||
| 020 | _a9789589002391 | ||
| 040 |
_aCO-BoRNBP _bspa _erda _cCO-BoRNBP |
||
| 041 | 0 | _aspa | |
| 084 | _aN PES3 | ||
| 100 | 1 |
_aPescetti, Luis María _d1958- _eautor |
|
| 245 | 1 | 0 |
_aNatacha _cLuis María Pescetti ; ilustraciones de Pablo Fernández |
| 250 |
_aPrimera edición _bSegunda reimpresión, Cuarta reimpresión, Quinta reimpresión |
||
| 264 | 1 |
_aBogotá _bLoqueleo _c2016 _c2018 _c2020 _c2021 |
|
| 300 |
_a119 páginas _bilustraciones _c20 cm |
||
| 336 |
_atexto _btxt _2rdacontent |
||
| 337 |
_asin mediación _bn _2rdamedia |
||
| 338 |
_avolumen _bnc _2rdacarrier |
||
| 490 | _aNatacha | ||
| 521 | _aRecomendado para un público infantil mayor de 9 años | ||
| 545 | _aIncluye datos biográficos del autor al final del texto | ||
| 650 | 1 | 4 |
_aNovela juvenil argentina _ySiglo XX _2LEMB |
| 650 | 1 | 4 |
_aLiteratura juvenil argentina _ySiglo XX _2LEMB |
| 650 | 1 | 4 |
_aAutores argentinos _ySiglo XX _2LEMB |
| 650 | 1 | 4 |
_aHumor _vNovela _2LEMB |
| 650 | 1 | 4 |
_aNiños _vNovela _2LEMB |
| 650 | 1 | 4 |
_aFamilia _vNovela _2LEMB |
| 650 | 1 | 4 |
_aAventuras _vNovela _2LEMB |
| 650 | 1 | 4 |
_aAmistad _vNovela _2LEMB |
| 700 | 1 |
_aFernández, Pablo _eilustrador _9183615 |
|
| 942 |
_2loc _cBKLIT |
||
| 999 |
_c7896 _d7896 |
||